Донесение командующего Донским фронтом К. К. Рокоссовского в Ставку Верховного Главнокомандования о пленении командующего 6-й не...

RUSMARC
00005509cbm0a2200325#x 450
00146d1a29e-177f-4d8b-94a4-2fd5e50675db
00520240220090604.0
100##$a20240216j19430131k###0rusy50 ca
1010#$arus
102##$aRU
1220#$ad19430131##
2001#$aДонесение командующего Донским фронтом К. К. Рокоссовского в Ставку Верховного Главнокомандования о пленении командующего 6-й немецкой армии Ф. Паулюса под Сталинградом
$j31 января 1943 г.
251##$cДокумент
300##$aПодлинник
461#0$12001
$aФ. 206
$1251
$cФонд
$1852
$j206
462#0$12001
$aОп. 262
$1251
$cОпись
$1852
$j262
462#0$12001
$aД. 180
$vЛ. 135а
$1251
$cДело
$1852
$j180
600#1$2nlr_sh1
$3RU\NLR\AUTH\66995529
$aРокоссовский
$gКонстантин Ксавериевич
$bК.К.
$f1896 - 1968
$jДокументы и материалы
600#1$2nlr_sh
$3RU\NLR\AUTH\6660125
$aПаулюс
$bФ.
$gФридрих
$f1890 - 1957
$jДокументы и материалы
60102$2nlr_sh
$3RU\NLR\AUTH\661564979
$aАрмия
$c6; 1939 - 1945; Германия
$jДокументы и материалы
60101$2nlr_sh
$3RU\NLR\AUTH\661280805
$aСССР
$bСтавка Верховного Главнокомандования
$jДокументы и материалы
60102$2prlib_sh
$3LIBNET\UAF\0000058132
$aДонской фронт
$c1942 - 1943
$jДокументы и материалы
605##$2prlib_sh
$3LIBNET\UAF\0000088514
$aВторая мировая война в архивных документах (Комплекс оцифрованных архивных документов, кино- и фотоматериалов)
$lколлекция
6061#$2nlr_sh
$3RU\NLR\AUTH\661261857
$aСталинградская битва
$z1942 - 1943
$jДокументы и материалы
686##$a63.3(2)622,12ю1
$vLBC/M
$2rubbk
801#0$aRU
$bПБ им. Б.Н. Ельцина
$c20240216
801#1$aRU
$bПБ им. Б.Н. Ельцина
$c20240216
$2rusmarc
801#2$aRU
$bПБ им. Б.Н. Ельцина
$c20240220
$2rusmarc
850##$aЦентральный архив Министерства обороны Российской Федерации
852##$aЦА МО РФ
$jЛ. 135а
035##$aLIBNET\0001381571
937##$d191024641
$hФедеральное архивное агентство
8564#$uhttp://readingroom.main.prlib.ru/item.aspx?id_node=n191024641&mode=full
Формат отображения